Statystyki dla państwa graniczące z niemcami bez mapy

Kliknij tutaj aby rozwiązać quiz!

Ogólne statystyki

  • Ten quiz został rozwiązany 116 razy
  • Średni wynik to 8 z 8

Statystyki odpowiedzi

HintOdpowiedź% Poprawnych
Bbelgia
100%
CZczechy
100%
Ppolska
100%
SZszwajcaria
100%
Aaustria
99%
Ffrancja
99%
Hholandia
98%
Lluksemburg
96%

Rozkład punktacji

Percentyl według liczby udzielonych odpowiedzi

Procent ludzi z każdym wynikiem

Twoja historia wyników

Nie rozwiązałeś tego quizu